000 00475nam a22001817a 4500
008 210326b xxu||||| |||| 00| 0 eng d
020 _a0415923867
082 _a510.92/M749b
100 _aMonk,Ray
245 _aBertrand russell
260 _aNew York:
_bRoutledge,
_c1999.
300 _a58p.
490 _aThe Great Philosophers:
_v7
504 _aIncludes bibliography
650 _aMathematics-Philosophy
650 _aRussell Betrand,1872-1970
942 _2ddc
_cGEN
999 _c99075
_d99064